चिंतन धारा / (Record no. 113089)

MARC details
000 -LEADER
fixed length control field 01012nam a22002657a 4500
005 - DATE AND TIME OF LATEST TRANSACTION
control field 20170124102948.0
010 ## - LIBRARY OF CONGRESS CONTROL NUMBER
LC control number B-158126
020 ## - INTERNATIONAL STANDARD BOOK NUMBER
Terms of availability 200.00
International Standard Book Number 8187774010
035 ## - SYSTEM CONTROL NUMBER
System control number B-158126
037 ## - SOURCE OF ACQUISITION
Source of stock number/acquisition Cen Lib/Ret
040 ## - CATALOGING SOURCE
Original cataloging agency DPL
Language of cataloging HN
082 ## - DEWEY DECIMAL CLASSIFICATION NUMBER
Classification number 824
Item number अवस्थी
100 ## - MAIN ENTRY--PERSONAL NAME
Personal name अवस्थी , ब्रह्मदत्त
9 (RLIN) 42649
245 ## - TITLE STATEMENT
Title चिंतन धारा /
Statement of responsibility, etc ब्रह्मदत्त अवस्थी
246 ## - VARYING FORM OF TITLE
Title proper/short title chintan dhaara
Remainder of title by Brahmdutt Awasthi
260 ## - PUBLICATION, DISTRIBUTION, ETC. (IMPRINT)
Place of publication, distribution, etc नई दिल्ली
Name of publisher, distributor, etc नीलकंठ प्रकाशन
Date of publication, distribution, etc 2005
270 ## - ADDRESS
Address 1/1079, ई -महरौली
City नई दिल्ली
Postal code 110030
300 ## - PHYSICAL DESCRIPTION
Extent 187पृष्ठ.
Dimensions 21सेमी (सजिल्द)
650 ## - SUBJECT ADDED ENTRY--TOPICAL TERM
Topical term or geographic name as entry element हिंदी साहित्य
9 (RLIN) 50570
650 ## - SUBJECT ADDED ENTRY--TOPICAL TERM
Topical term or geographic name as entry element निबंध
9 (RLIN) 50571
650 ## - SUBJECT ADDED ENTRY--TOPICAL TERM
Topical term or geographic name as entry element hindi literature
9 (RLIN) 50572
650 ## - SUBJECT ADDED ENTRY--TOPICAL TERM
Topical term or geographic name as entry element Essay
9 (RLIN) 42386
700 ## - ADDED ENTRY--PERSONAL NAME
9 (RLIN) 50544
942 ## - ADDED ENTRY ELEMENTS (KOHA)
Source of classification or shelving scheme Dewey Decimal Classification
Koha item type Hindi Books
Classification part 824
Call number suffix अवस्थी
Holdings
Withdrawn status Lost status Damaged status Not for loan Home library Current library Date acquired Source of acquisition Cost, normal purchase price Total Checkouts Full call number Barcode Date last seen Date checked out Copy number Cost, replacement price Price effective from Koha item type
        Central Library Central Library 11/08/2015 Cen Lib/Ret 200.00 1 824 अवस्थी B-158126 23/09/2022 21/09/2022 1 200.00 11/08/2015 Hindi Books

© Delhi Public Library
Hit Counter
free hit counter